[Event "Fagernes GM-A 2019"]
[Site "Fagernes"]
[Date "2019.04.21"]
[Round "9.7"]
[White "Santarius, Erik"]
[Black "Sisatto, Olli"]
[Result "0-1"]
[WhiteElo "2411"]
[BlackElo "2276"]
[Annotator "NA"]
[PlyCount "44"]
[EventDate "2019.04.14"]
[EventType "tourn"]
[EventCountry "NOR"]
[SourceTitle "playchess.com"]
[Source "ChessBase"]
[SourceQuality "1"]
[TimeControl "40/7200:3600"]

1. c4 {[%emt 0:00:05]} e6 {[%emt 0:00:25]} 2. d4 {[%emt 0:00:21]} Nf6 {[%emt 0:00:26]} 3. Nf3 {[%emt 0:00:24]} d5 {[%emt 0:00:42]} 4. Nc3 {[%emt 0:01:58]} c5 {[%emt 0:00:39]} 5. cxd5 {[%emt 0:02:43]} cxd4 {[%emt 0:01:36]} 6. Qa4+ {[%emt 0:03:38]} b5 {[%emt 0:00:53]} 7. Nxb5 {[%emt 0:12:40] Double Attack} Bd7 {[%emt 0:01:48]} 8. dxe6 {[%emt 0:00:23]} ({Better is} 8. Nfxd4 $14 Qb6 9. e4) 8... fxe6 {[%emt 0:00:54]} 9. Ne5 $17 {[%emt 0:00:34]} (9. Bd2 $11 {remains equal.}) 9... Bc5 {[%emt 0:08:42]} 10. Nxd7 {[%emt 0:08:00]} Nbxd7 {[%emt 0:01:14]} 11. Nxd4 {[%emt 0:01:02]} Qb6 {[%emt 0:01:58]} 12. e3 {[%emt 0:09:07]} Bb4+ {[%emt 0:06:53]} 13. Kd1 {[%emt 0:00:37]} O-O {[%emt 0:03:11]} 14. Bc4 {[%emt 0:01:50]} Ne5 {[%emt 0:04:55]} 15. Bxe6+ {[%emt 0:02:11]} Kh8 {[%emt 0:02:53]} 16. Ke2 {[%emt 0:07:23]} Ne4 {[%emt 0:07:13]} 17. f4 {[%emt 0:00:33]} Rxf4 {[%emt 0:03:38]} 18. exf4 {[%emt 0:15:19]} Qxd4 {[%emt 0:01:18]} 19. fxe5 {[%emt 0:00:06]} Qf2+ {[%emt 0:01:59]} 20. Kd1 {[%emt 0:00:05]} Rd8+ {[%emt 0:00:49]} 21. Bd7 {[%emt 0:00:06]} Qd4+ {[%emt 0:17:28]} 22. Kc2 {[%emt 0:01:35]} Nc5 {[%emt 0:00:34]} 0-1

[Event "Fagernes GM-A 2019"]
[Site "Fagernes"]
[Date "2019.04.21"]
[Round "9.8"]
[White "Gullaksen, Eirik"]
[Black "Mihajlov, Sebastian"]
[Result "1/2-1/2"]
[WhiteElo "2324"]
[BlackElo "2361"]
[Annotator "NA"]
[PlyCount "27"]
[EventDate "2019.04.14"]
[EventType "tourn"]
[EventCountry "NOR"]
[SourceTitle "playchess.com"]
[Source "ChessBase"]
[SourceQuality "1"]
[TimeControl "40/7200:3600"]

1. d4 {[%emt 0:00:08]} d5 {[%emt 0:01:58]} 2. c4 {[%emt 0:00:55]} c6 {[%emt 0:00:21]} 3. cxd5 {[%emt 0:00:28]} cxd5 {[%emt 0:00:07]} 4. Bf4 {[%emt 0:00:34]} Nf6 {[%emt 0:00:11]} 5. e3 {[%emt 0:00:37]} Nc6 {[%emt 0:00:17]} 6. Nc3 {[%emt 0:00:31]} Bf5 $11 {[%emt 0:01:01]} 7. Qb3 {[%emt 0:00:33]} Na5 {[%emt 0:00:24]} 8. Qa4+ {[%emt 0:00:31]} Bd7 {[%emt 0:00:06]} 9. Qc2 {[%emt 0:00:25]} e6 {[%emt 0:00:11]} 10. Bd3 {[%emt 0:00:35]} Nc6 {[%emt 0:00:49]} 11. Qb3 {[%emt 0:01:05]} Na5 {[%emt 0:00:30]} 12. Qc2 {[%emt 0:00:29]} Nc6 {[%emt 0:00:07]} 13. Qb3 {[%emt 0:00:29]} Na5 {[%emt 0:00:10]} 14. Qc2 {[%emt 0:00:19]} 1/2-1/2

[Event "Fagernes GM-A 2019"]
[Site "Fagernes"]
[Date "2019.04.21"]
[Round "9.9"]
[White "Galinsky, Timofey"]
[Black "Royset, Pal"]
[Result "1/2-1/2"]
[WhiteElo "2378"]
[BlackElo "2167"]
[Annotator "NA"]
[PlyCount "36"]
[EventDate "2019.04.14"]
[EventType "tourn"]
[EventCountry "NOR"]
[SourceTitle "playchess.com"]
[Source "ChessBase"]
[SourceQuality "1"]
[TimeControl "40/7200:3600"]

1. d4 {[%emt 0:04:29]} Nf6 {[%emt 0:03:04]} 2. Nf3 {[%emt 0:00:17]} g6 {[%emt 0:00:56]} 3. b3 {[%emt 0:03:55]} Bg7 {[%emt 0:01:11]} 4. Bb2 {[%emt 0:00:05]} O-O {[%emt 0:02:49]} 5. e3 {[%emt 0:00:05]} d5 {[%emt 0:04:18]} 6. Be2 {[%emt 0:00:38]} c5 {[%emt 0:01:02]} 7. c3 {[%emt 0:02:15]} Nc6 {[%emt 0:00:50]} 8. O-O {[%emt 0:00:24]} Bf5 {[%emt 0:02:14]} 9. dxc5 {[%emt 0:01:17]} Ne4 {[%emt 0:04:13]} 10. Nd4 $11 {[%emt 0:00:13]} Nxc5 {[%emt 0:00:22]} 11. Nxf5 {[%emt 0:00:08]} gxf5 {[%emt 0:00:06]} 12. Nd2 {[%emt 0:03:30]} e6 {[%emt 0:02:10]} 13. Rc1 {[%emt 0:06:26]} Ne4 {[%emt 0:08:51]} 14. Qc2 {[%emt 0:01:09]} Rc8 {[%emt 0:00:31]} 15. Nxe4 {[%emt 0:00:16]} fxe4 {[%emt 0:00:16]} 16. c4 {[%emt 0:01:25]} Bxb2 {[%emt 0:11:53]} 17. Qxb2 {[%emt 0:00:31]} d4 {[%emt 0:00:10]} 18. exd4 {[%emt 0:00:36]} Qxd4 {[%emt 0:00:21]} 1/2-1/2

[Event "Fagernes GM-A 2019"]
[Site "Fagernes"]
[Date "2019.04.21"]
[Round "9.10"]
[White "Notkevich, Benjamin Arvola"]
[Black "Isha Sharma"]
[Result "1-0"]
[WhiteElo "2495"]
[BlackElo "1989"]
[Annotator "ChessBase"]
[PlyCount "105"]
[EventDate "2019.04.14"]
[EventType "tourn"]
[EventCountry "NOR"]
[SourceTitle "playchess.com"]
[Source "ChessBase"]
[SourceQuality "1"]
[TimeControl "40/7200:3600"]

1. c4 {[%emt 0:00:14]} e5 {[%emt 0:00:09]} 2. g3 {[%emt 0:00:10]} Nf6 {[%emt 0:00:10]} 3. Bg2 {[%emt 0:00:08]} c6 {[%emt 0:00:05]} 4. d4 {[%emt 0:00:51]} e4 {[%emt 0:06:14]} 5. Nc3 {[%emt 0:03:54]} d5 {[%emt 0:01:09]} 6. cxd5 {[%emt 0:01:20]} cxd5 {[%emt 0:00:06]} 7. Bg5 {[%emt 0:00:14]} Be7 {[%emt 0:01:11]} 8. e3 {[%emt 0:00:07]} Nc6 {[%emt 0:00:30]} 9. Nge2 {[%emt 0:00:12]} O-O {[%emt 0:05:32]} 10. O-O {[%emt 0:04:38]} Be6 {[%emt 0:13:14]} 11. Nf4 {[%emt 0:01:56]} a6 {[%emt 0:06:44]} 12. f3 {[%emt 0:10:32]} exf3 {[%emt 0:06:00]} 13. Qxf3 {[%emt 0:03:44]} Bg4 {[%emt 0:07:00]} 14. Qf2 {[%emt 0:00:21]} Ne4 {[%emt 0:00:32]} 15. Bxe7 {[%emt 0:00:40]} Qxe7 {[%emt 0:00:08]} 16. Nfxd5 {[%emt 0:03:12]} Nxf2 {[%emt 0:00:13]} 17. Nxe7+ {[%emt 0:00:04]} Nxe7 {[%emt 0:00:04]} 18. Kxf2 {[%emt 0:01:08]} Rad8 {[%emt 0:01:21]} 19. Rac1 {[%emt 0:02:21]} Rfe8 {[%emt 0:01:26]} 20. Rfe1 {[%emt 0:05:23]} Rd6 {[%emt 0:02:17]} 21. Ne4 {[%emt 0:04:47]} Rb6 {[%emt 0:00:47]} 22. b3 {[%emt 0:00:44]} Nd5 {[%emt 0:00:35]} 23. Nc5 {[%emt 0:27:21]} Nxe3 {[%emt 0:19:10]} 24. Be4 {[%emt 0:03:36]} Nd1+ {[%emt 0:13:48]} 25. Kg1 {[%emt 0:00:19]} Rd6 {[%emt 0:02:13]} 26. h3 {[%emt 0:22:31]} Bf3 {[%emt 0:00:49]} 27. Rcxd1 {[%emt 0:12:41]} Bxd1 {[%emt 0:00:33]} 28. Rxd1 {[%emt 0:00:30]} b6 {[%emt 0:02:25]} 29. Nb7 {[%emt 0:00:05]} Rd7 {[%emt 0:05:51]} 30. Bc6 {[%emt 0:01:27]} Ree7 {[%emt 0:00:07]} 31. Bxd7 {[%emt 0:00:13]} Rxd7 {[%emt 0:00:06]} 32. Rc1 {[%emt 0:00:56]} Kf8 {[%emt 0:00:04]} 33. Rc8+ {[%emt 0:00:47]} Ke7 {[%emt 0:00:02]} 34. Rb8 {[%emt 0:00:32]} Rxd4 {[%emt 0:01:26]} 35. Kf2 {[%emt 0:00:24]} Rd2+ {[%emt 0:01:13]} 36. Ke3 {[%emt 0:00:01]} Rxa2 {[%emt 0:00:07]} 37. Nd8 {[%emt 0:00:04]} Rc2 {[%emt 0:00:22]} 38. Kd3 {[%emt 0:00:01]} Rc7 {[%emt 0:00:32]} 39. Nxf7 {[%emt 0:01:30]} Rd7+ {[%emt 0:01:49]} 40. Kc3 {[%emt 0:00:05]} Kxf7 {[%emt 0:00:05]} 41. Rxb6 {[%emt 0:02:14]} a5 {[%emt 0:01:49]} 42. Rb5 {[%emt 0:02:41]} Ra7 {[%emt 0:00:41]} 43. Rc5 {[%emt 0:00:09]} a4 {[%emt 0:00:42]} 44. b4 {[%emt 0:00:26]} Re7 {[%emt 0:04:36]} 45. b5 {[%emt 0:04:19]} Re3+ {[%emt 0:01:54]} 46. Kb4 {[%emt 0:00:15]} a3 {[%emt 0:18:31]} 47. b6 {[%emt 0:03:41]} a2 {[%emt 0:02:24]} 48. Rc1 {[%emt 0:11:51]} Re2 {[%emt 0:02:29]} 49. Ra1 {[%emt 0:18:31]} Rb2+ {[%emt 0:00:21]} 50. Kc5 {[%emt 0:00:30]} Ke6 {[%emt 0:30:37]} 51. Kc6 {[%emt 0:00:24]} Ke5 {[%emt 0:02:37]} 52. b7 {[%emt 0:00:21]} Kd4 {[%emt 0:00:26]} 53. Rxa2 {[%emt 0:01:27]} 1-0

[Event "Fagernes GM-A 2019"]
[Site "Fagernes"]
[Date "2019.04.21"]
[Round "9.10"]
[White "Notkevich, Benjamin Arvola"]
[Black "Sharma, Isha"]
[Result "*"]
[WhiteElo "2495"]
[BlackElo "1989"]
[Annotator "ChessBase"]
[PlyCount "38"]
[EventDate "2019.04.14"]
[EventType "tourn"]
[EventCountry "NOR"]
[SourceTitle "playchess.com"]
[Source "ChessBase"]
[SourceQuality "1"]
[TimeControl "40/7200:3600"]

1. c4 {[%emt 2:00:00]} e5 {[%emt 0:00:09]} 2. g3 {[%emt 0:00:10]} Nf6 {[%emt 0:00:10]} 3. Bg2 {[%emt 0:00:08]} c6 {[%emt 0:00:05]} 4. d4 {[%emt 0:00:51]} e4 {[%emt 1:59:36]} 5. Nc3 {[%emt 1:58:37]} d5 {[%emt 0:01:09]} 6. cxd5 {[%emt 0:01:20]} cxd5 {[%emt 0:00:06]} 7. Bg5 {[%emt 0:00:14]} Be7 {[%emt 0:01:11]} 8. e3 {[%emt 1:53:09]} Nc6 {[%emt 0:00:30]} 9. Nge2 {[%emt 0:00:12]} O-O {[%emt 1:50:26]} 10. O-O {[%emt 1:52:50]} Be6 {[%emt 0:13:14]} 11. Nf4 {[%emt 0:01:56]} a6 {[%emt 0:06:44]} 12. f3 {[%emt 0:10:32]} exf3 {[%emt 0:06:00]} 13. Qxf3 {[%emt 0:03:44]} Bg4 {[%emt 0:07:00]} 14. Qf2 {[%emt 0:00:21]} Ne4 {[%emt 0:00:32]} 15. Bxe7 {[%emt 0:00:40]} Qxe7 {[%emt 0:00:08]} 16. Nfxd5 {[%emt 0:03:12]} Nxf2 {[%emt 0:00:13]} 17. Nxe7+ {[%emt 0:00:04]} Nxe7 {[%emt 0:00:04]} 18. Kxf2 {[%emt 0:01:08]} Rad8 {[%emt 0:01:21]} 19. Rac1 {[%emt 1:26:35]} Rfe8 {[%emt 0:01:26]} *

[Event "Fagernes GM-A 2019"]
[Site "Fagernes"]
[Date "2019.04.21"]
[Round "9.11"]
[White "Hobber, Anders"]
[Black "Dolzhikova, Olga"]
[Result "1-0"]
[WhiteElo "2295"]
[BlackElo "2231"]
[Annotator "NA"]
[PlyCount "77"]
[EventDate "2019.04.14"]
[EventType "tourn"]
[EventCountry "NOR"]
[SourceTitle "playchess.com"]
[Source "ChessBase"]
[SourceQuality "1"]
[TimeControl "40/7200:3600"]

1. d4 {[%emt 0:00:01]} g6 {[%emt 0:07:50]} 2. Nf3 {[%emt 0:00:28]} Bg7 {[%emt 0:00:55]} 3. g3 {[%emt 0:00:20]} c5 {[%emt 0:01:20]} 4. c3 {[%emt 0:00:16]} cxd4 {[%emt 0:01:00]} 5. cxd4 {[%emt 0:00:20]} d5 {[%emt 0:01:05]} 6. Bg2 {[%emt 0:00:54]} Nc6 {[%emt 0:01:33]} 7. O-O {[%emt 0:01:07]} Nf6 $11 {[%emt 0:05:40]} 8. Nc3 {[%emt 0:08:02]} Ne4 {[%emt 0:05:58]} 9. Qb3 {[%emt 0:12:50]} e6 {[%emt 0:14:10]} 10. Bf4 {[%emt 0:13:51]} O-O {[%emt 0:01:22]} 11. Rfd1 {[%emt 0:05:02]} g5 {[%emt 0:17:43]} 12. Be3 {[%emt 0:07:21]} Na5 {[%emt 0:07:45]} 13. Qc2 {[%emt 0:02:21]} Nxc3 {[%emt 0:09:48]} 14. Qxc3 {[%emt 0:06:46]} f6 {[%emt 0:02:45]} 15. b3 {[%emt 0:07:49]} Bd7 {[%emt 0:01:59]} 16. Rac1 {[%emt 0:02:14]} Nc6 {[%emt 0:05:02]} 17. Ne1 {[%emt 0:02:14]} Rc8 {[%emt 0:02:12]} 18. Qb2 {[%emt 0:03:24]} Qe7 {[%emt 0:14:16]} 19. Nd3 {[%emt 0:01:26]} b6 {[%emt 0:00:07]} 20. Bd2 {[%emt 0:02:25]} Qd6 {[%emt 0:03:30]} 21. b4 {[%emt 0:11:52]} f5 {[%emt 0:02:11]} 22. e3 {[%emt 0:03:29]} b5 {[%emt 0:00:58]} 23. Nc5 {[%emt 0:00:59]} Be8 {[%emt 0:00:37]} 24. Qb3 {[%emt 0:04:33]} Bf7 {[%emt 0:01:40]} 25. a4 {[%emt 0:00:37]} a6 {[%emt 0:02:03]} 26. Nxa6 {[%emt 0:06:16]} Nxd4 {[%emt 0:00:30]} 27. exd4 {[%emt 0:00:09]} Qxa6 {[%emt 0:01:04]} 28. a5 {[%emt 0:01:42]} Bxd4 {[%emt 0:00:18]} 29. Bxg5 {[%emt 0:00:54]} Qa7 {[%emt 0:00:43]} 30. Be3 {[%emt 0:00:46]} Bxe3 {[%emt 0:00:10]} 31. Qxe3 {[%emt 0:00:33]} Qe7 {[%emt 0:00:22]} 32. Rxc8 {[%emt 0:00:52]} Rxc8 {[%emt 0:00:01]} 33. Bxd5 {[%emt 0:00:45]} Rd8 {[%emt 0:00:37]} 34. a6 {[%emt 0:00:34]} Qc7 {[%emt 0:01:06]} 35. Rc1 {[%emt 0:01:23]} Qd6 {[%emt 0:00:39]} 36. Bb7 {[%emt 0:00:36]} Qd7 {[%emt 0:00:25]} 37. Qg5+ {[%emt 0:00:23]} Bg6 {[%emt 0:00:05]} 38. Qxd8+ {[%emt 0:00:12]} Qxd8 {[%emt 0:00:06]} 39. Rc8 {[%emt 0:00:25]} 1-0

[Event "Fagernes GM-A 2019"]
[Site "Fagernes"]
[Date "2019.04.21"]
[Round "9.12"]
[White "Efroimski, Marsel"]
[Black "Vitenberg, Noam Aviv"]
[Result "0-1"]
[WhiteElo "2287"]
[BlackElo "2203"]
[Annotator "NA"]
[PlyCount "120"]
[EventDate "2019.04.14"]
[EventType "tourn"]
[EventCountry "NOR"]
[SourceTitle "playchess.com"]
[Source "ChessBase"]
[SourceQuality "1"]
[TimeControl "40/7200:3600"]

1. e4 {[%emt 0:02:54]} e6 {[%emt 0:00:14]} 2. d4 {[%emt 0:04:44]} d5 {[%emt 0:00:06]} 3. Bd3 {[%emt 0:08:24]} dxe4 {[%emt 0:01:32]} 4. Bxe4 {[%emt 0:00:01]} Nf6 {[%emt 0:00:27]} 5. Bf3 {[%emt 0:00:03]} c5 {[%emt 0:02:36]} 6. Ne2 {[%emt 0:00:43]} Nc6 {[%emt 0:02:01]} 7. Be3 {[%emt 0:00:57]} cxd4 {[%emt 0:00:59]} 8. Nxd4 {[%emt 0:00:33]} Ne5 {[%emt 0:00:13]} 9. Be2 {[%emt 0:03:37]} Nd5 {[%emt 0:00:20]} 10. Bc1 $11 {[%emt 0:01:15]} Be7 {[%emt 0:01:10]} 11. O-O {[%emt 0:07:46]} Bd7 {[%emt 0:07:35]} 12. Nf5 {[%emt 0:06:32]} O-O {[%emt 0:06:51]} 13. Nxe7+ {[%emt 0:02:20]} Qxe7 {[%emt 0:05:05]} 14. c4 {[%emt 0:32:40]} Nb4 {[%emt 0:11:30]} 15. a3 {[%emt 0:04:37]} Na6 {[%emt 0:13:47]} 16. b4 {[%emt 0:06:23]} Rfd8 {[%emt 0:23:51]} 17. Qb3 {[%emt 0:02:40]} Nc6 {[%emt 0:07:58]} 18. Bb2 {[%emt 0:03:03]} e5 {[%emt 0:05:53]} 19. Qe3 {[%emt 0:06:18]} Nc7 {[%emt 0:05:37]} 20. b5 {[%emt 0:00:15]} Na5 {[%emt 0:00:14]} 21. Bxe5 {[%emt 0:04:33]} Rac8 {[%emt 0:02:43]} 22. Qg3 {[%emt 0:06:16]} Ne8 {[%emt 0:00:56]} 23. Nc3 {[%emt 0:07:24]} Nxc4 {[%emt 0:02:05]} 24. Bxc4 {[%emt 0:00:09]} Rxc4 {[%emt 0:00:13]} 25. Nd5 {[%emt 0:00:15]} Qe6 {[%emt 0:01:18]} 26. Rad1 {[%emt 0:00:50]} Rc5 {[%emt 0:02:41]} 27. Bc7 {[%emt 0:02:29]} Rc8 {[%emt 0:02:59]} 28. Nf4 {[%emt 0:00:13]} Qf5 {[%emt 0:00:24]} 29. b6 {[%emt 0:00:28]} Bc6 {[%emt 0:05:14]} 30. Rfe1 {[%emt 0:00:25]} Rc4 {[%emt 0:00:18]} 31. Re5 {[%emt 0:00:46]} Qd7 {[%emt 0:02:17]} 32. Rde1 {[%emt 0:00:05]} f6 {[%emt 0:00:02]} 33. R5e3 {[%emt 0:00:08]} Nxc7 {[%emt 0:00:18]} 34. bxc7 {[%emt 0:00:02]} Qxc7 {[%emt 0:00:01]} 35. Qg4 {[%emt 0:00:05]} Rxf4 {[%emt 0:00:08]} 36. Qg3 {[%emt 0:00:01]} Kf7 {[%emt 0:00:14]} 37. Qh3 {[%emt 0:00:03]} Rd8 {[%emt 0:00:02]} 38. Qh5+ {[%emt 0:00:01]} Kf8 {[%emt 0:00:03]} 39. g3 {[%emt 0:00:00]} Rfd4 {[%emt 0:00:01]} 40. Qxh7 {[%emt 0:00:02]} R4d5 41. h4 {[%emt 0:00:43]} Qf7 {[%emt 0:05:17]} 42. Re7 {[%emt 0:04:08]} Qxe7 {[%emt 0:14:36]} 43. Qh8+ {[%emt 0:00:07]} Kf7 {[%emt 0:00:06]} 44. Rxe7+ {[%emt 0:00:02]} Kxe7 {[%emt 0:00:09]} 45. Qxg7+ {[%emt 0:00:02]} Ke6 {[%emt 0:01:27]} 46. Kh2 {[%emt 0:01:00]} Rf5 {[%emt 0:15:01]} 47. f4 {[%emt 0:11:46]} Bf3 {[%emt 0:01:45]} 48. Kh3 {[%emt 0:12:22]} a6 {[%emt 0:00:41]} 49. Qc7 {[%emt 0:02:09]} Rd7 {[%emt 0:02:38]} 50. Qc3 {[%emt 0:10:47]} Bc6 {[%emt 0:00:39]} 51. Qb3+ {[%emt 0:00:57]} Rfd5 {[%emt 0:00:13]} 52. h5 {[%emt 0:04:07]} Kd6 {[%emt 0:00:22]} 53. Kh4 {[%emt 0:01:03]} Kc7 {[%emt 0:00:14]} 54. Qc3 {[%emt 0:00:26]} f5 {[%emt 0:01:45]} 55. h6 {[%emt 0:01:07]} Rd1 {[%emt 0:00:47]} 56. Qe5+ {[%emt 0:00:51]} R7d6 {[%emt 0:00:16]} 57. Kg5 {[%emt 0:00:50]} Rh1 {[%emt 0:01:01]} 58. Qg7+ {[%emt 0:01:12]} Rd7 {[%emt 0:00:39]} 59. Kxf5 {[%emt 0:00:36]} Rxg7 {[%emt 0:00:23]} 60. hxg7 {[%emt 0:00:03]} Bd5 {[%emt 0:12:05]} 0-1

[Event "Fagernes GM-A 2019"]
[Site "Fagernes"]
[Date "2019.04.21"]
[Round "9.13"]
[White "Nielsen, Andre"]
[Black "Dahl, Trygve"]
[Result "1/2-1/2"]
[WhiteElo "2201"]
[BlackElo "2275"]
[Annotator "NA"]
[PlyCount "32"]
[EventDate "2019.04.14"]
[EventType "tourn"]
[EventCountry "NOR"]
[SourceTitle "playchess.com"]
[Source "ChessBase"]
[SourceQuality "1"]
[TimeControl "40/7200:3600"]

1. e4 {[%emt 0:00:06]} c5 {[%emt 0:00:04]} 2. Nf3 {[%emt 0:00:09]} Nc6 {[%emt 0:00:04]} 3. d4 {[%emt 0:00:14]} cxd4 {[%emt 0:00:03]} 4. Nxd4 {[%emt 0:00:12]} Qc7 {[%emt 0:00:03]} 5. Nc3 {[%emt 0:00:50]} e6 {[%emt 0:00:06]} 6. Be2 {[%emt 0:00:33]} a6 {[%emt 0:00:05]} 7. O-O {[%emt 0:01:08]} Nf6 {[%emt 0:01:07]} 8. Be3 {[%emt 0:00:45]} Be7 {[%emt 0:00:36]} 9. f4 {[%emt 0:01:47]} d6 {[%emt 0:03:52]} 10. Qe1 {[%emt 0:05:48]} O-O {[%emt 0:02:17]} 11. Qg3 $11 {[%emt 0:07:41]} d5 {[%emt 0:10:16]} 12. e5 {[%emt 0:08:20]} Nxd4 {[%emt 0:00:06]} 13. Bxd4 {[%emt 0:01:01]} Bc5 {[%emt 0:00:03]} 14. Bxc5 {[%emt 0:03:18]} Qxc5+ {[%emt 0:00:06]} 15. Qf2 {[%emt 0:01:22]} Nd7 {[%emt 0:04:11]} 16. Bd3 {[%emt 0:06:16]} Qxf2+ {[%emt 0:05:28]} 1/2-1/2

[Event "Fagernes GM-A 2019"]
[Site "Fagernes"]
[Date "2019.04.21"]
[Round "9.14"]
[White "Abdrlauf, Elham"]
[Black "Bentsen, Hakon"]
[Result "1/2-1/2"]
[WhiteElo "2123"]
[BlackElo "2155"]
[Annotator "NA"]
[PlyCount "87"]
[EventDate "2019.04.14"]
[EventType "tourn"]
[EventCountry "NOR"]
[SourceTitle "playchess.com"]
[Source "ChessBase"]
[SourceQuality "1"]
[TimeControl "40/7200:3600"]

1. d4 {[%emt 0:01:01]} Nf6 {[%emt 0:00:13]} 2. c4 {[%emt 0:00:13]} e6 {[%emt 0:00:08]} 3. Nc3 {[%emt 0:00:20]} d5 {[%emt 0:00:41]} 4. cxd5 {[%emt 0:00:08]} exd5 $11 {[%emt 0:00:06]} 5. Bg5 {[%emt 0:00:05]} Nbd7 {[%emt 0:00:11]} 6. e3 {[%emt 0:00:06]} Be7 {[%emt 0:00:14]} 7. Bd3 {[%emt 0:00:17]} c6 {[%emt 0:00:30]} 8. Nge2 {[%emt 0:00:15]} O-O {[%emt 0:00:27]} 9. O-O {[%emt 0:00:05]} Re8 {[%emt 0:00:08]} 10. Qd2 {[%emt 0:09:26]} Ne4 {[%emt 0:02:18]} 11. Nxe4 {[%emt 0:00:03]} dxe4 {[%emt 0:00:08]} 12. Bxe7 {[%emt 0:00:07]} Qxe7 {[%emt 0:00:06]} 13. Bc2 {[%emt 0:03:08]} Nf6 {[%emt 0:00:45]} 14. Nc3 {[%emt 0:02:16]} Bf5 {[%emt 0:01:43]} 15. Rfd1 {[%emt 0:10:04]} Rad8 {[%emt 0:07:46]} 16. b4 {[%emt 0:00:39]} a6 {[%emt 0:05:05]} 17. Rab1 {[%emt 0:04:17]} h5 {[%emt 0:04:07]} 18. a4 {[%emt 0:07:59]} Qd6 {[%emt 0:06:58]} 19. Rdc1 {[%emt 0:07:29]} Ng4 {[%emt 0:02:20]} 20. g3 {[%emt 0:00:22]} Nf6 {[%emt 0:00:19]} 21. Bd1 {[%emt 0:07:57]} Bg4 {[%emt 0:02:50]} 22. Bxg4 {[%emt 0:01:14]} hxg4 {[%emt 0:00:14]} 23. Qe2 {[%emt 0:01:27]} Qe6 {[%emt 0:00:08]} 24. Rb2 {[%emt 0:11:28]} Nh7 {[%emt 0:02:02]} 25. Nb1 {[%emt 0:00:18]} Ng5 {[%emt 0:00:07]} 26. Nd2 {[%emt 0:00:11]} g6 {[%emt 0:08:06]} 27. b5 {[%emt 0:01:24]} axb5 {[%emt 0:00:13]} 28. axb5 {[%emt 0:00:01]} Kg7 {[%emt 0:00:59]} 29. bxc6 {[%emt 0:02:10]} bxc6 {[%emt 0:00:24]} 30. Rbc2 {[%emt 0:07:15]} Rd6 {[%emt 0:05:57]} 31. Rc5 {[%emt 0:00:32]} f6 {[%emt 0:00:23]} 32. Qc4 {[%emt 0:05:45]} Qxc4 {[%emt 0:02:23]} 33. R5xc4 {[%emt 0:00:56]} Ree6 {[%emt 0:00:11]} 34. Kg2 {[%emt 0:06:06]} Nf3 {[%emt 0:02:09]} 35. Nf1 {[%emt 0:04:24]} f5 {[%emt 0:01:52]} 36. R4c2 {[%emt 0:05:37]} Kf6 {[%emt 0:04:59]} 37. Nd2 {[%emt 0:02:16]} c5 {[%emt 0:00:53]} 38. Nc4 {[%emt 0:00:30]} Rd5 {[%emt 0:00:10]} 39. dxc5 {[%emt 0:02:59]} Rxc5 {[%emt 0:00:14]} 40. h3 {[%emt 0:01:21]} gxh3+ {[%emt 0:01:52]} 41. Kxh3 {[%emt 1:00:03]} Rec6 {[%emt 1:00:10]} 42. Na3 {[%emt 0:05:13]} Rxc2 {[%emt 0:00:33]} 43. Rxc2 {[%emt 0:00:02]} Rxc2 {[%emt 0:00:09]} 44. Nxc2 {[%emt 0:00:04]} 1/2-1/2